Statistics for "B" Synonyms

Click here to take the quiz!

General Stats

  • This quiz has been taken 126 times
    (120 since last reset)
  • The average score is 15 of 20

Answer Stats

WordB Synonym% Correct
InfantBaby / Babe
97%
AttractiveBeautiful
97%
PurchaseBuy
97%
StartBegin
96%
PriorBefore
94%
CourageousBrave
93%
RearBack
92%
UnderBelow
90%
FractureBreak
89%
ProhibitBan
88%
TerribleBad
83%
ContortBend
66%
SpineBackbone
64%
MixBlend
60%
ShyBashful
59%
WideBroad
57%
ConciseBrief
55%
HarrassBother / Badger
51%
OccupiedBusy
48%
NativityBirth
47%

Score Distribution

Percentile by Number Answered

Percent of People with Each Score

Your Score History

You have not taken this quiz since the last reset